书目信息 |
| 题名: |
诗品全译
|
|
| 作者: | 钟嵘 著 ;徐达 译注 | |
| 分册: | ||
| 出版信息: | 贵阳 贵州人民出版社 2008.09 |
|
| 页数: | 12, 129页 | |
| 开本: | 23cm | |
| 丛书名: | 中国历代名著全译丛书 | |
| 单 册: | ||
| 中图分类: | I207.227.2 | |
| 科图分类: | ||
| 主题词: | 古典诗歌--gu dian shi ge--文学研究--中国 | |
| 电子资源: | ||
| ISBN: | 978-7-221-08199-5 | |
| 000 | 01044nam 2200289 450 | |
| 001 | 012009154749 | |
| 005 | 20100403101254.89 | |
| 010 | @a978-7-221-08199-5@dCNY18.00 | |
| 100 | @a20100403d2008 em y0chiy0120 ea | |
| 101 | 0 | @achi |
| 102 | @aCN@b520000 | |
| 105 | @ay z 000gy | |
| 106 | @ar | |
| 200 | 1 | @a诗品全译@Ashi pin quan yi@f(梁) 钟嵘著@F(liang)zhong rong zhu@g徐达译注@Gxu da yi zhu |
| 205 | @a修订版 | |
| 210 | @a贵阳@c贵州人民出版社@d2008.09 | |
| 215 | @a12, 129页@d23cm | |
| 225 | 2 | @a中国历代名著全译丛书@Azhong guo li dai ming zhu quan yi cong shu |
| 330 | @a本书内容包括两个部分:一部分为诗歌理论,另一部分为诗歌批评。就诗歌理论来说,涉及到这样几个方面:诗歌的产生和作用、五言诗发展史、滋味说、用典和声病说。 | |
| 410 | 0 | @12001 @a中国历代名著全译丛书 |
| 605 | @a诗品@Ashi pin@x译文 | |
| 606 | 0 | @a古典诗歌@Agu dian shi ge@x文学研究@y中国 |
| 690 | @aI207.227.2@v4 | |
| 701 | 0 | @a钟嵘@Azhong rong@4著 |
| 702 | 0 | @a徐达@Axu da@4译注 |
| 801 | 0 | @aCN@bQSSK@c20100403 |
| 905 | @b772653-55@dI207.227.2@eZ731@f3 | |
| 诗品全译/(梁) 钟嵘著/徐达译注.-修订版.-贵阳:贵州人民出版社,2008.09 |
| 12, 129页;23cm.-(中国历代名著全译丛书) |
| ISBN 978-7-221-08199-5:CNY18.00 |
| 本书内容包括两个部分:一部分为诗歌理论,另一部分为诗歌批评。就诗歌理论来说,涉及到这样几个方面:诗歌的产生和作用、五言诗发展史、滋味说、用典和声病说。 |
| ● |
| 相关链接 |
|
|
|
正题名:诗品全译
索取号:I207.227.2/Z731
 
预约/预借
| 序号 | 登录号 | 条形码 | 馆藏地/架位号 | 状态 | 备注 |
| 1 | 772653 | 207726530 | 社科二线400B/400B社科库 11排2列5层/ [索取号:I207.227.2/Z731] | 在馆 | |
| 2 | 772654 | 207726549 | 社科二线400B/400B社科库 23排3列1层/ [索取号:I207.227.2/Z731] | 在馆 | |
| 3 | 772655 | 207726558 | 社科二线400B/400B社科库 23排3列1层/ [索取号:I207.227.2/Z731] | 在馆 |